000 00261nam a2200109Ia 4500
005 20251222152638.0
008 251222s9999||||xx |||||||||||||| ||spa||
082 _a372.832/M67
245 0 _aGuía Didáctica para el Profesor:
264 _bMobiles
942 _cLIB
999 _c27991
_d27991